Handbook of Research on Knowledge Management: Adaptation and Context (Record no. 43584)

MARC details
000 -LEADER
fixed length control field 00465nam a22001697a 4500
005 - DATE AND TIME OF LATEST TRANSACTION
control field 20250417100253.0
008 - FIXED-LENGTH DATA ELEMENTS--GENERAL INFORMATION
fixed length control field 250405b |||||||| |||| 00| 0 eng d
020 ## - INTERNATIONAL STANDARD BOOK NUMBER
International Standard Book Number 9781786431707
041 ## - LANGUAGE CODE
Language code of text/sound track or separate title eng
082 ## - DEWEY DECIMAL CLASSIFICATION NUMBER
Classification number 658.4038 ORT
100 ## - MAIN ENTRY--PERSONAL NAME
Author Örtenblad, Anders
245 ## - TITLE STATEMENT
Title Handbook of Research on Knowledge Management: Adaptation and Context
260 ## - PUBLICATION, DISTRIBUTION, ETC.
Place UK
Publisher Edward Elgar
Publication Year 2014
300 ## - PHYSICAL DESCRIPTION
Extent 464;. pages 23 cm
650 ## - SUBJECT ADDED ENTRY--TOPICAL TERM
Subject Knowledge Management
942 ## - ADDED ENTRY ELEMENTS (KOHA)
Koha item type Books
Holdings
Withdrawn status Lost status Source of classification or shelving scheme Damaged status Not for loan Home library Current library Shelving location Accession Date Vendor Price Bill number Full call number Barcode No Date last seen Discount Bill Date Koha item type Suggested By
    Dewey Decimal Classification     IMTN IMTN Rack 29-A 03/28/2025 Raghav Book Private Limited 5448.14 2374 658.4038 ORT 33868 04/05/2025 33 02/14/2025 Books Dr. Mantha Raghu
Designed & Maintained by: LRC IMT Nagpur Contact: lrc@imtnag.ac.in© 2024. All Rights Reserved.